000 00533nam a22001697a 4500
005 20180825153014.0
010 _aA-878282
020 _a8120311523
_c150.00
082 _a001.6424
100 _akraynak, Joe
245 _aThe complete idiots guide to pcs /
_cby Joe kraynak
260 _aNew Delhi
_bprentice-Hall of India private limited
_c1997
270 _aM-97, connaught circus
_bNew Delhi
_e110001
300 _axxiv, 383p.
_c22cm(Hb)
500 _aIncludes index
942 _2ddc
_cEN
_mKRA
_h001.6424
999 _c156341
_d156341